Logo BPK

Biblioteka

Politechniki Koszalińskiej

Roboty murowe betonowe i zduńskie : (Rekord nr 4795)

Szczegóły MARC
000 -ETYKIETA REKORDU
podpole kontrolne o stałej długości 00442nam a2200169 i 4500
001 - NUMER KONTROLNY REKORDU
pole kontrolne bg
040 ## - ŹRÓDŁO KATALOGOWANIA
Instytucja, która utworzyła rekord BPK
041 ## - KOD JĘZYKA
Kod języka tekstu pol
008 - POLE O STAŁEJ DŁUGOŚCI - DANE KONTROLNE
podpole kontrolne o stałej długości s pl f |000 0 pol
100 1# - NAZWA OSOBOWA
Nazwa osobowa MEUŚ, W.
245 #0 - TYTUŁ/ODPOWIEDZIALNOŚĆ
Tytuł Roboty murowe betonowe i zduńskie :
Ciąg dalszy tytułu poradnik murarza wiejskiego /
Pozostałe elementy strefy tytułu i oznaczenia odpowiedzialności W. Meuś, Z. Witebski, W. Wiater.
250 ## - STREFA WYDANIA
Oznaczenie wydania Wyd.3 uzup.
260 ## - STREFA ADRESU WYDAWNICZEGO
Miejsce wydania Warszawa,
Data publikacji, dystrybucji/powstania dokumentu 1964.
700 1# - HASŁO DODATKOWE - NAZWA OSOBOWA
Nazwa osobowa WITEBSKI, Z.
700 1# - HASŁO DODATKOWE - NAZWA OSOBOWA
Nazwa osobowa WIATER, W.
856 ## - LOKALIZACJA I DOSTĘP DO ELEKTRONICZNYCH DOKUMENTÓW ZDALNYCH
Link (URL) http://koha.tu.koszalin.pl/cgi-bin/koha/opac-detail.pl?biblionumber=4795
Tekst linku Katalog online BPK
942 ## - DODATKOWE ELEMENTY (KOHA)
Typ dokumentu Książka
Egzemplarze
Wycofany Status egzemplarza Uszkodzony Dostępność Lokalizacja stała Lokalizacja bieżąca Miejsce przechowywania Sygnatura Kod kreskowy Typ dokumentu
      Dostępny Biblioteka Politechniki Koszalińskiej Biblioteka Politechniki Koszalińskiej Wypożyczalnia BG P 42232 02009681 Książka
© 2023 Biblioteka Politechniki Koszalińskiej :: KOHA